[Event "Olympiad Women 2024"]
[Site "Budapest HUN"]
[Date "2024.09.19"]
[Round "8.55"]
[Board "1"]
[White "Morales Santos, Natasha"]
[Black "Bouzana, Christina"]
[Result "1-0"]
[WhiteElo "1972"]
[BlackElo "1644"]
[PlyCount "65"]
[EventDate "2024.09.11"]
[WhiteTeam "Puerto Rico"]
[BlackTeam "Cyprus"]
[WhiteTeamCountry "PUR"]
[BlackTeamCountry "CYP"]

1. d4 Nf6 2. c4 e6 3. Nc3 Bb4 4. Qc2 O-O 5. a3 Bxc3+ 6. Qxc3 d5 7. Bg5 Nbd7 8. e3 h6 9. Bh4 Re8 ({RR} 9... b6 10. cxd5 exd5 11. Bb5 c5 12. Ne2 g5 13. Bg3 Ne4 14. Qc2 Ndf6 15. Bc6 Bf5 16. Qd1 Nxg3 17. Nxg3 Bg4 18. f3 Rc8 19. Bb7 Rc7 20. fxg4 Rxb7 21. O-O Re8 22. Nf5 Kh7 23. Qf3 Ne4 24. Qh3 {1-0 Bok,B (2624)-Maghsoodloo,P (2701) Chess.com Rapid Wk7 Swiss 2022 (1)}) ({RR} 9... c5 10. Nf3 cxd4 11. exd4 dxc4 12. Bxc4 Nb6 13. Ba2 Nbd5 14. Qd2 Qb6 15. O-O Bd7 16. Ne5 Bb5 17. Rfe1 Rad8 18. Rad1 Rd6 19. Nc4 Bxc4 20. Bxc4 Rc8 21. Ba2 Rd7 22. Bb1 Rcd8 23. b4 Qd6 24. Bg3 {1-0 Novikov,E (2276)-Lantini,M (1974) Titled Tue 9th Jul Early 2024 (5)}) 10. Nf3 b6 11. cxd5 exd5 12. Bb5 $146 ({RR} 12. Bd3 Bb7 13. O-O Rc8 14. b4 c6 15. a4 Qe7 16. a5 Qe6 17. axb6 axb6 18. Ra7 Ba8 19. Rfa1 c5 20. dxc5 bxc5 21. b5 d4 22. exd4 Bxf3 23. gxf3 cxd4 24. Qxd4 Ne5 25. Be2 Ng6 26. Bf1 Rcd8 {0-1 Papasimakopoulos,A (2251)-Klekowski,M (2510) Titled Arena May 8th blitz 2021}) ({RR} 12. Ne5 Bb7 13. Bb5 Re7 14. Nxd7 Rxd7 15. Bxf6 gxf6 16. Bxd7 Qxd7 17. O-O Kh8 18. Rac1 c6 19. f4 Rg8 20. Rf3 Qf5 21. Rg3 Rg6 22. Qb4 Qe4 23. Qf8+ {1-0 Priesnitz,R-Roglin,U Saarland-chB 1992 (5)}) ({RR} 12. Bd3 c5 13. O-O Bb7 14. Rac1 Rc8 15. Qd2 Qe7 16. Rfe1 Ne4 17. Bxe7 Nxd2 18. Nxd2 Rxe7 19. Nf3 g6 20. g3 Kg7 21. Kg2 a6 22. h4 h5 23. Kg1 Rce8 24. Bf1 cxd4 25. Nxd4 Ne5 26. Rc3 Rc8 {½-½ Hoshino,K (1726)-Yoshioka,A (1601) Sao Paulo Hebraica op 18th 2014 (5)}) 12... a6 13. Bc6 Ra7 14. Bxf6 Qxf6 15. Bxd5 Qf5 16. Qb3 Qg6 17. O-O Nf6 18. Ne5 Rxe5 19. dxe5 Nxd5 20. Qxd5 Bb7 21. Qd8+ Kh7 22. f3 c5 23. Qb8 Ra8 24. Qxb7 Re8 25. Qe4 f5 26. Qf4 Qe6 27. Rad1 g5 28. Qg3 b5 29. f4 Rg8 30. Rd6 Qc8 31. Qh3 Rg6 32. Rxg6 Kxg6 33. Ra1 1-0

[Event "Olympiad Women 2024"]
[Site "Budapest HUN"]
[Date "2024.09.19"]
[Round "8.55"]
[Board "2"]
[White "Sokolova, Larisa"]
[Black "Rivera Negron, Yanira"]
[Result "1-0"]
[WhiteElo "1705"]
[BlackElo "1805"]
[PlyCount "87"]
[EventDate "2024.09.11"]
[WhiteTeam "Cyprus"]
[BlackTeam "Puerto Rico"]
[WhiteTeamCountry "CYP"]
[BlackTeamCountry "PUR"]

1. e4 {ChessBase II Navara,David} e6 2. d4 d5 3. Nd2 Nf6 4. e5 Nfd7 5. Bd3 c5 6. c3 Nc6 7. Ne2 cxd4 8. cxd4 f6 9. exf6 Nxf6 10. O-O Bd6 11. Nf3 Qc7 12. h3 ({RR} 12. Bd2 O-O 13. Rc1 Bd7 14. Re1 ({RR} 14. Bc3)) ({RR} 12. Bg5 O-O 13. Bh4) 12... O-O 13. a3 ({RR} 13. Be3 Bd7 14. Re1 ({RR} 14. Rc1 Be8 15. Ng5 Qe7 16. f4 ({RR} 16. Nf4 Bxf4 17. Bxf4 Ne4) 16... Bh5 17. g4 Be8) 14... Be8 ({RR} 14... Nb4 15. Rc1 Qa5 16. Qd2 b6 17. Bf4) ({RR} 14... Qb6 15. Nc3 Qxb2 16. Na4 ({RR} 16. Nb5) 16... Qa3 17. Bc1 Qb4 18. Bd2 Qa3 19. Re3 Be7 20. Bxh7+) ({RR} 14... Rae8 15. Rc1 a6 16. Nc3 ({RR} 16. a3) 16... Qb8 17. Na4 e5 18. dxe5 Nxe5 19. Nxe5 Bxe5 20. Nc5 Bc8 ({RR} 20... Bc6 21. Nxa6) 21. Qd2 Kh8 22. Bb1) 15. Ng5 Bf7 ({RR} 15... Qe7 16. Nf4 Bxf4 17. Bxf4 Ne4 18. Bxe4 dxe4 19. Qg4 Nxd4 20. Rxe4) 16. Rc1 Kh8 ({RR} 16... h6 17. Nxf7 Qxf7 18. a3 Rac8 19. Bb1) 17. a3 ({RR} 17. g3) ({RR} 17. Nxf7+ Qxf7 18. Bb1) 17... Bg8 18. b4 a6 19. g3 ({RR} 19. Qd2 Nh5) 19... h6 ({RR} 19... Qd7 20. Nf4 e5 ({RR} 20... Rac8) 21. dxe5 Nxe5 22. Bf1) 20. Nf4 Bxf4 ({RR} 20... hxg5 21. Ng6+) 21. Bxf4 Qd7 22. Nf3 Bh7 23. b5 ({RR} 23. Bxh7 Kxh7 ({RR} 23... Nxh7 24. Qe2 Rae8 25. a4) 24. Ne5 Nxe5 25. Bxe5 Rac8 26. Rxc8 ({RR} 26. Qd3+ Kg8) 26... Qxc8 ({RR} 26... Rxc8 27. Qd3+ Kg8 28. Bxf6 gxf6 29. Qg6+ Qg7 30. Qxg7+ Kxg7 31. Rxe6) 27. Qb1+ ({RR} 27. Re2 Qc3 28. Re3) 27... Kg8 ({RR} 27... Ne4 28. Rc1 Qe8 29. Rc7 Rf7 30. f3 Rxc7 31. Bxc7 Qf7 32. Bf4 g5 33. fxe4 gxf4 34. exd5+ Kg7 35. Qe1) 28. Qg6 ({RR} 28. Rc1 Qe8 29. Bxf6 ({RR} 29. Rc7 Rf7) 29... Qf7)) ({RR} 23. Ne5 Nxe5 24. dxe5 Ng8) 23... axb5 24. Bxb5 Qe7 ({RR} 24... Rxa3 25. Ne5 Qe7 ({RR} 25... Nxe5 26. Bxd7 Nf3+ 27. Kg2 Nxe1+ 28. Qxe1 Be4+ 29. Kh2 Nxd7 30. Bd6) ({RR} 25... Qe8 26. Nxc6 bxc6 27. Bd6) 26. Bxc6 bxc6 27. Nxc6 ({RR} 27. Rxc6 Ne4 28. f3 Rxf4 29. gxf4 Bf5) 27... Qb7 ({RR} 27... Qd7 28. Ne5) 28. Rxe6 ({RR} 28. Bd6 Rd3 29. Qxd3 Bxd3 30. Bxf8) 28... Ne4 29. Re7 Qb2 30. Rc2 Qa1) 25. Bxc6 bxc6 26. Rxc6 Ne4 27. Re3 Ra7 {1-0 Navara,D (2729)-Michiels,B (2563) Tata Steel-B 77th 2015 (8)} ({RR} 27... Rxa3 28. Bd6 ({RR} 28. Rc7 Qb4 29. Be5 Nf6 30. Rxa3 Qxa3 31. Qe2 Be4 32. Ne1) 28... Qxd6 29. Rxd6 Rxe3 30. fxe3 Nxd6) ({RR} 27... Rac8 28. Rxc8 Rxc8 29. Rb3 Nxf2 30. Kxf2 Bc2 31. Qc1) ({RR} 27... Rxf4 28. gxf4 Qf6 29. Ne5)) 13... g6 $146 ({RR} 13... e5 14. dxe5 Nxe5 15. Nxe5 Bxe5 16. Qc2 Qf7 17. Bf4 Bxf4 18. Nxf4 Bd7 19. Rac1 Bc6 20. f3 g6 21. Rce1 Rfe8 22. Ne2 Rac8 23. Qb3 Nd7 24. Qb4 Re3 25. Bb1 Rce8 26. Nd4 Qe7 27. Qxe7 R8xe7 28. Kf2 {½-½ Brethauer,S-Zolotarew,P GER-ch U13 Oberhof 1998 (6)}) ({RR} 13... Nh5 14. Be3 Rxf3 15. gxf3 e5 16. dxe5 Nxe5 17. Ng3 Nxd3 18. Qxd3 Bxg3 19. Qxd5+ Kh8 20. Qxh5 Be5 21. Qe8# {1-0 Bermudez Salmon,M (1228)-Collart,L (1923) Gran Canaria Online Blitz 2nd 2022 (4)}) ({RR} 13... Bd7 14. Bg5 Be8 15. Rc1 Bh5 16. Ne1 Qf7 17. Nc2 Ne4 18. Bxe4 dxe4 19. Qd2 Qg6 20. Be3 Bf3 21. g3 Qh5 22. Kh2 Bxe2 23. Rfe1 Bf3 24. Qc3 Rf5 {0-1 Picazo Gonzalez,A (2197)-Salgado Lopez,I (2197) Narciso Yepes Memorial 2004 (3)}) ({RR} 13... Bd7 14. Be3 Rae8 15. Rc1 a6 16. Qd2 Qb8 17. b4 a5 18. Rb1 axb4 19. axb4 b6 20. b5 Na5 21. Ne5 Rc8 22. g4 Bxe5 23. dxe5 Nc4 24. Bxc4 Ne4 25. Qd3 Rxc4 26. f3 Nc5 27. Bxc5 bxc5 28. b6 {0-1 Ramachandran,J (1852)-Klinetobe,D (2018) San Francisco TNM Spring op 2011 (4)}) 14. Bh6 Rd8 15. Rc1 Bd7 16. b4 a6 17. Qc2 Be8 18. Qd2 Nh5 19. Rfe1 Qd7 20. Nc3 b5 21. Bb1 Rac8 22. Bg5 Be7 23. Ba2 Bf7 24. Bxe7 Nxe7 25. Ne5 Qd6 26. Ne2 Nc6 27. f4 Nxe5 28. fxe5 Qd7 29. Rc5 Rxc5 30. bxc5 Qc7 31. Rb1 Be8 32. g4 Ng7 33. Nc3 Bc6 34. Qc2 Rb8 35. Kg2 a5 36. Bb3 Kf7 37. Qf2+ Kg8 38. Na2 h5 39. Bc2 g5 40. Qf6 Qd8 41. Qg6 Be8 42. Qh7+ Kf8 43. Rf1+ Bf7 44. Bg6 1-0

[Event "Olympiad Women 2024"]
[Site "Budapest HUN"]
[Date "2024.09.19"]
[Round "8.55"]
[Board "3"]
[White "Vega Jimenez, Keyshla M."]
[Black "Paunescu, Aida"]
[Result "1/2-1/2"]
[WhiteElo "1769"]
[BlackElo "1603"]
[PlyCount "137"]
[EventDate "2024.09.11"]
[WhiteTeam "Puerto Rico"]
[BlackTeam "Cyprus"]
[WhiteTeamCountry "PUR"]
[BlackTeamCountry "CYP"]

1. e4 c6 2. d4 d5 3. exd5 cxd5 4. Bd3 Nc6 5. c3 Nf6 6. Bf4 Bg4 7. Qb3 Qd7 8. Nd2 e6 9. Ngf3 Bd6 10. Be5 Bxf3 ({RR} 10... O-O 11. Qc2 Kh8 12. h3 Bh5 13. O-O Qe7 14. Rae1 Bg6 15. Bxd6 Qxd6 16. Ne5 Bxd3 17. Qxd3 Rab8 18. a3 Qc7 19. f4 Ne7 20. g4 Nc8 21. f5 Nd6 22. fxe6 fxe6 23. Qg3 Kg8 24. Nd3 Rbe8 25. Nc5 {1-0 Vezzosi,P (2218)-Leutwyler,M (2098) Arco op 43rd 2021 (9)}) 11. Nxf3 Bxe5 12. Nxe5 Qc7 13. Nf3 $146 ({RR} 13. f4 O-O 14. O-O Rac8 15. Rae1 Na5 16. Qc2 Nc4 17. Rf3 Nd6 18. Rh3 Nfe4 19. Qe2 g6 20. g4 f6 21. Nf3 Rce8 22. c4 b6 23. b4 Nc3 24. Qc2 Nde4 25. Nd2 Qxf4 26. Nxe4 Nxe4 27. Bxe4 dxe4 {1-0 Huang,Q (2247)-Gauthier,D (1857) Contrecoeur-A 2018 (2.3)}) 13... O-O 14. O-O Rfe8 15. Rae1 a6 16. h3 Na5 17. Qc2 h6 18. Ne5 Rec8 19. f4 b5 20. Qe2 Nc4 21. Rf2 Rf8 22. a3 Rae8 23. a4 Nd7 24. axb5 axb5 25. Nxd7 Qxd7 26. Ra1 Ra8 27. Rff1 Qb7 28. f5 exf5 29. Rxa8 Qxa8 30. Bxf5 Re8 31. Qf2 Ne3 32. Re1 Nxf5 33. Rxe8+ Qxe8 34. Qxf5 Qe6 35. Qe5 Qxe5 36. dxe5 f6 37. exf6 gxf6 38. Kf2 Kf7 39. Ke3 Ke6 40. Kd4 Kd6 41. g4 Kc6 42. b3 Kd6 43. b4 Kc6 44. Ke3 Kd6 45. Kf4 Ke6 46. h4 d4 47. cxd4 Kd5 48. Ke3 Kc4 49. Ke4 Kxb4 50. Kd3 Ka3 51. d5 b4 52. d6 b3 53. d7 b2 54. d8=Q b1=Q+ 55. Kd2 Qb4+ 56. Ke3 Qxg4 57. Qd3+ Kb4 58. Qd4+ Qxd4+ 59. Kxd4 Kb5 60. Kd5 f5 61. Ke5 Kc5 62. Kxf5 Kd5 63. Kg6 Ke6 64. Kxh6 Kf6 65. h5 Kf7 66. Kh7 Kf8 67. Kh8 Kf7 68. h6 Kf8 69. h7 1/2-1/2

[Event "Olympiad Women 2024"]
[Site "Budapest HUN"]
[Date "2024.09.19"]
[Round "8.55"]
[Board "4"]
[White "Pica, Eleni"]
[Black "Alvarado Perez, Coralys M."]
[Result "1-0"]
[WhiteElo "1609"]
[BlackElo "1694"]
[PlyCount "47"]
[EventDate "2024.09.11"]
[WhiteTeam "Cyprus"]
[BlackTeam "Puerto Rico"]
[WhiteTeamCountry "CYP"]
[BlackTeamCountry "PUR"]

1. d4 d5 2. c4 e6 3. Nc3 Nf6 4. cxd5 Nxd5 5. e4 Nf6 6. Bg5 Be7 7. Nf3 h6 8. Bh4 O-O ({RR} 8... Nxe4 9. Bxe7 Nxc3 10. bxc3 Qxe7 11. Bd3 O-O 12. Bc2 Nd7 13. Qd3 Nf6 14. h4 Re8 15. Kf1 Kf8 16. Re1 c5 17. dxc5 Qxc5 18. Ba4 Re7 19. Qd8+ Ne8 20. Ne5 b6 21. Kg1 Qc7 22. Qd3 Nf6 23. Rh3 {0-1 Kovacs,T (2155)-Acs,P (2440) HUN counties-ch U18 1996}) 9. Bd3 b6 10. O-O Bb7 11. e5 $146 ({RR} 11. Bg3 Nbd7 12. Re1 Nh5 13. Qd2 Nxg3 14. hxg3 c5 15. d5 exd5 16. exd5 Nf6 17. Bc4 Re8 18. Bb5 Rf8 19. Bc4 Re8 20. Nh4 a6 21. a4 Qd7 22. Qc2 Rad8 23. Nf5 Bf8 24. Rxe8 Rxe8 25. Qd3 Rd8 {1-0 Singh,E (1745)-Carson,G Penang Mini op1st 2018 (8)}) 11... Nd5 12. Bxe7 Qxe7 13. Rc1 Nd7 14. Bb1 c5 15. dxc5 Nxc5 16. Qc2 g6 17. Qd2 Kh7 18. Nxd5 Bxd5 19. Nd4 a6 20. Rc3 Qb7 21. Rh3 f5 22. exf6 Rxf6 23. Qxh6+ Kg8 24. Qh8+ 1-0

[Event "Olympiad Women 2024"]
[Site "Budapest HUN"]
[Date "2024.09.19"]
[Round "8.56"]
[Board "1"]
[White "Lieketseng, Ngatane"]
[Black "Sawan, Eman"]
[Result "0-1"]
[WhiteElo "1651"]
[BlackElo "1972"]
[PlyCount "70"]
[EventDate "2024.09.11"]
[WhiteTeam "Lesotho"]
[BlackTeam "Palestine"]
[WhiteTeamCountry "LES"]
[BlackTeamCountry "PLE"]

1. e4 {Golod,Vitali} c5 2. Nf3 d6 3. d4 cxd4 4. Nxd4 Nf6 5. Nc3 a6 6. Bc4 e6 7. Bb3 b5 8. a3 Be7 9. O-O O-O 10. f4 Qc7 ({RR} 10... Nbd7 11. Ba2 ({RR} 11. Qf3 Bb7 12. Bxe6 ({RR} 12. f5 e5 13. Nde2 Nc5) 12... fxe6 13. Nxe6 Qb6+ 14. Be3 Qc6 15. Nxf8 Bxf8 ({RR} 15... Rxf8 16. Rad1 Nxe4 17. Nd5 Qxd5 18. Rxd5 Bxd5) 16. Rae1 Nxe4) ({RR} 11. Bxe6 fxe6 12. Nxe6 Qb6+ 13. Kh1 Re8) ({RR} 11. Be3) 11... Bb7 12. Re1 Qb8 ({RR} 12... Nc5 13. e5 dxe5 14. fxe5 Nfe4 ({RR} 14... Nd5 15. Nxd5 Bxd5 16. Bxd5 Qxd5 17. Nf5) 15. Nxe4 Nxe4) 13. f5 e5 14. Nf3 Bd8 15. h3 ({RR} 15. Re2 Bb6+ ({RR} 15... Ba5) ({RR} 15... Nc5 16. Qe1 a5 17. b4) 16. Kh1 h6) 15... Nc5 16. Bd5 a5 17. Bxb7 Qxb7 18. Qe2 ({RR} 18. Qxd6 Bc7 19. Qd1 ({RR} 19. Qxc5 Bb6) 19... Ncxe4 20. Nxe4 Nxe4) 18... b4 19. axb4 axb4 20. Rxa8 Qxa8 21. Nd5 Nxd5 ({RR} 21... Ncxe4 22. Nxb4 Ba5 23. c3) 22. exd5 Qxd5 23. Rd1 Qe4 ({RR} 23... Qc6 24. Qc4) 24. Qxe4 Nxe4 25. Be3 {0-1 Umarov,S (2392)-Golod,V (2586) Beersheba 22th rapid 2005 (9)} {RR} Ng3 26. Bf2 Nxf5 27. g4) ({RR} 10... Bb7) 11. f5 ({RR} 11. Kh1 Bd7 12. Qe1 Nc6 13. Be3 Rad8 14. Rd1 Nxd4 15. Bxd4 Bc6 16. e5 dxe5 17. fxe5 Ng4 18. Ne4 Qb7 19. Rf4 Nh6 20. Nf6+ Kh8 21. Qh4 Bxg2+ 22. Kg1 {1-0 Mogirzan,M (1955)-Chlpik,M (2289) Titled Tue 4th Jun Early 2024 (3)}) 11... e5 12. Nf3 Bb7 13. Qd3 $146 ({RR} 13. Qe2 Nbd7 14. Rd1 Nb6 15. Kh1 Rac8 16. Bg5 Rfd8 17. Rac1 Nc4 18. Bxc4 Qxc4 19. Qxc4 Rxc4 20. Nd2 Rc7 21. Bxf6 Bxf6 22. Nf3 {½-½ Surya,B (2001)-Chung,A (1653) CAN-ch U14 Windsor 2016 (4.25)}) 13... Nbd7 14. Be3 Nc5 15. Bxc5 dxc5 16. Qe2 c4 17. Ba2 Bc5+ 18. Kh1 Bd4 19. Nd2 Qc6 20. Rae1 Bxc3 21. bxc3 Rad8 22. Rf2 Nxe4 23. Nxe4 Qxe4 24. Qxe4 Bxe4 25. Kg1 Bc6 26. Rxe5 Rd1+ 27. Rf1 Rfd8 28. Rfe1 R8d2 29. Rxd1 Rxd1+ 30. Kf2 Ra1 31. Rc5 Be8 32. Bxc4 bxc4 33. Rxc4 Rxa3 34. Rc8 Kf8 35. Ke3 Ke7 0-1

[Event "Olympiad Women 2024"]
[Site "Budapest HUN"]
[Date "2024.09.19"]
[Round "8.56"]
[Board "2"]
[White "Hamouri, Taqwa"]
[Black "Boitumelo Sethabathaba"]
[Result "1-0"]
[WhiteElo "1845"]
[BlackElo "1571"]
[PlyCount "156"]
[EventDate "2024.09.11"]
[WhiteTeam "Palestine"]
[BlackTeam "Lesotho"]
[WhiteTeamCountry "PLE"]
[BlackTeamCountry "LES"]

1. e4 c6 2. Nf3 d5 3. Nc3 dxe4 4. Nxe4 g6 ({RR} 4... Qd5 5. Qe2 Bg4 6. h3 Bxf3 7. Qxf3 Nd7 8. g4 Ngf6 9. Nxf6+ Nxf6 10. Bg2 Qxf3 11. Bxf3 g6 12. d4 Bg7 13. c3 h5 14. g5 Nd5 15. a3 O-O-O 16. O-O e5 17. dxe5 Bxe5 18. c4 Nc7 19. Rb1 {1-0 Fecker,N (2385)-Cruz,C (2579) Titled Tuesday intern op 28th Jun Early blitz 2022 (3)}) 5. Be2 $146 ({RR} 5. Bc4 Bg7 6. d4 Nd7 7. Qe2 Nb6 8. Bb3 Nh6 9. Nf6+ Bxf6 10. Bxh6 Bg4 11. O-O-O e6 12. Kb1 Qe7 13. a4 Nc8 14. h3 Bxf3 15. Qxf3 Nd6 16. Bf4 O-O-O 17. Rhe1 Bg7 18. g4 Rd7 19. Qe3 Kb8 {1-0 Bogoljubow,E-Watson,C British CF-15 London International 1922 (13)}) ({RR} 5. Bc4 Bg7 6. O-O Nf6 7. Nxf6+ Bxf6 8. d4 O-O 9. h3 b5 10. Bb3 a5 11. a4 e6 12. Bh6 Re8 13. Ne5 Ba6 14. Re1 Qc7 15. Qf3 Bxe5 16. dxe5 Nd7 17. Rad1 Nxe5 18. Qc3 f6 19. axb5 Bxb5 {1-0 Bold,A (2215)-Bulgurlu,O (1964) Titled Tue 3rd Sep Late 2024 (4)}) ({RR} 5. Bc4 e6 6. d4 Bg7 7. O-O Nf6 8. Bg5 h6 9. Bxf6 Bxf6 10. Nxf6+ Qxf6 11. Re1 Nd7 12. Ne5 Nxe5 13. dxe5 Qe7 14. Re3 Bd7 15. Qd4 c5 16. Qc3 Bc6 17. Rd1 Rd8 18. Rd6 O-O 19. Red3 Rxd6 {½-½ Sachsenhofer,M (2174)-Schrey,S (2148) Steyr Landesliga 1213 2012 (10.3)}) ({RR} 5. Bc4 e6 6. d4 Bg7 7. Bf4 Nd7 8. Nd6+ Kf8 9. Nxf7 Kxf7 10. Ng5+ Ke7 11. Nxe6 Qa5+ 12. Bd2 Qh5 13. g4 Qh3 14. Qe2 Be5 15. dxe5 h6 16. Nf4 {1-0 Teschner,R-Lueders,H Kiel 1959 (7)}) 5... Bg7 6. h3 Bf5 7. Ng3 Bc8 8. d4 Nf6 9. O-O O-O 10. c4 Qc7 11. Bg5 Nbd7 12. Rc1 h6 13. Be3 b6 14. Qd2 Kh7 15. Bf4 Qd8 16. Bd3 Ng8 17. Rfe1 Bb7 18. h4 Ndf6 19. h5 Ng4 20. a3 Bf6 21. Qc2 Bxd4 22. hxg6+ fxg6 23. Bxg6+ Kh8 24. Nxd4 Qxd4 25. Re4 Qg7 26. Bf5 c5 27. Re6 Bc8 28. Rce1 Bxe6 29. Rxe6 N4f6 30. Be5 Qg5 31. Qc3 Rad8 32. f4 Rd1+ 33. Kf2 Qh4 34. Qe3 Rfd8 35. Bc3 R1d7 36. Bc2 Rd4 37. Bxd4 Rxd4 38. Kg1 Qxf4 39. Qxf4 Rxf4 40. Bd3 Rd4 41. Be2 Rd2 42. b4 cxb4 43. axb4 Kg7 44. Kf2 Kf7 45. Rc6 Ng4+ 46. Ke1 Rd4 47. Bf3 N8f6 48. Rc7 Ne5 49. Be2 Rd7 50. Rxd7 Nexd7 51. Kd2 Ke6 52. Kc3 Ke5 53. Bf3 Nh7 54. Ne2 Ng5 55. Bb7 Nf6 56. Kd3 Kd6 57. Bc8 e5 58. Ng3 h5 59. Bb7 Kc7 60. Ba8 a5 61. bxa5 bxa5 62. Nf5 Kb6 63. Kc3 Kc5 64. Ng3 a4 65. Bb7 e4 66. Nf5 Ng4 67. Ng3 Nf6 68. Nf5 a3 69. Kb3 a2 70. Kxa2 Kxc4 71. Kb2 Kd3 72. Ba6+ Kd2 73. Ng3 Ke3 74. Bb7 Kf2 75. Nxh5 e3 76. Nf4 Nfe4 77. Kc2 Nc5 78. Bc6 Nge6 1-0

[Event "Olympiad Women 2024"]
[Site "Budapest HUN"]
[Date "2024.09.19"]
[Round "8.56"]
[Board "3"]
[White "Ntsielo, Bonolo"]
[Black "Faqeeh, Yara"]
[Result "0-1"]
[WhiteElo "1757"]
[BlackElo "1671"]
[PlyCount "126"]
[EventDate "2024.09.11"]
[WhiteTeam "Lesotho"]
[BlackTeam "Palestine"]
[WhiteTeamCountry "LES"]
[BlackTeamCountry "PLE"]

1. Nf3 e6 2. d3 d5 3. g3 ({RR} 3. Nbd2 Nc6 4. g3 Nf6 5. Bg2 Bc5 6. O-O a5 7. c3 O-O 8. Qa4 Bd7 9. Qc2 e5 10. e4 dxe4 11. dxe4 Qe7 12. Nc4 Rfd8 13. a4 Ng4 14. b3 Be6 15. Qe2 h6 16. Nh4 Nf6 17. Ra2 Ne8 {1-0 Tosic,M (2445)-Novoselski,Z (2388) SRB Central-ch 2008 (8)}) ({RR} 3. Nbd2 f5 4. g3 Bd6 5. Bg2 Nf6 6. O-O f4 7. c3 fxg3 8. hxg3 O-O 9. e4 Ng4 10. d4 Qe8 11. e5 Be7 12. Nh2 Nxh2 13. Kxh2 c5 14. f4 cxd4 15. cxd4 Nc6 16. Nf3 Qh5+ 17. Bh3 Bd7 {1-0 Maltsevskaya,A (2392)-Harriott,T (1892) Titled Tue 14th Feb Early 2023 (3)}) 3... c5 4. Nbd2 Nc6 5. Bg2 e5 $146 ({RR} 5... Qb6 6. O-O e5 7. Re1 Bf5 8. e4 Bg4 9. h3 Bh5 10. exd5 Nd4 11. Rxe5+ Be7 12. Rxh5 Nb5 13. Nc4 Qc7 14. a4 Nf6 15. Re5 Rd8 16. axb5 Nxd5 17. Rxa7 O-O 18. Qe1 Rfe8 19. Ng5 Qb8 20. b6 {1-0 Konitz,J-Ringel,R BEM-ch U14/16 1999 (4)}) ({RR} 5... Be7 6. c3 h5 7. h4 Nf6 8. O-O e5 9. e4 dxe4 10. dxe4 Bg4 11. Qe2 Qd7 12. Nc4 O-O-O 13. Bg5 Qe6 14. Ne3 g6 15. Rfe1 Bh3 16. Qc4 Bg4 17. Nd5 Kb8 18. Nd2 Rhe8 19. Nb3 Nd7 20. Bxe7 {1-0 Tomerlin,S (2173)-Vargic,D (2276) CRO-chT1B 29th 2021 (2.5)}) 6. e4 d4 7. Nc4 Bd6 8. a4 Nge7 9. O-O O-O 10. Re1 f6 11. Nh4 g5 12. Nf3 Ng6 13. h3 Be6 14. Ncd2 Qd7 15. Kh2 Rf7 16. Rh1 Raf8 17. Kg1 Be7 18. Nc4 h5 19. Ne1 h4 20. g4 Bd8 21. Bd2 Nf4 22. Qf3 b6 23. Qd1 a6 24. b3 b5 25. axb5 axb5 26. Nb2 Be7 27. Kh2 Rc8 28. Bxf4 exf4 29. Rf1 Ne5 30. Qe2 Qc7 31. Kh1 Rff8 32. Ra6 Bf7 33. Nf3 Qb7 34. Rfa1 Ra8 35. Rxa8 Rxa8 36. Rxa8+ Qxa8 37. Nxe5 fxe5 38. Bf1 Qa2 39. Nd1 Bd8 40. Kg2 Kf8 41. f3 Ke7 42. Nf2 Bb6 43. Qd1 Kd6 44. Qc1 Ba5 45. Kg1 Bb4 46. Kg2 Bc3 47. Kg1 Qa1 48. Qxa1 Bxa1 49. Nd1 Bc3 50. Kf2 Bb4 51. Ke2 c4 52. bxc4 bxc4 53. Nf2 c3 54. Kd1 Ba3 55. Be2 Kc5 56. Bf1 Ba2 57. Be2 Bb1 58. Bf1 Kb4 59. Be2 Bb2 60. Bf1 Ka3 61. Be2 Ka2 62. Bf1 Ba3 63. Be2 Kb2 0-1

[Event "Olympiad Women 2024"]
[Site "Budapest HUN"]
[Date "2024.09.19"]
[Round "8.56"]
[Board "4"]
[White "Natsheh, Wajd"]
[Black "lintle molise"]
[Result "1-0"]
[WhiteElo "1739"]
[BlackElo "1583"]
[PlyCount "99"]
[EventDate "2024.09.11"]
[WhiteTeam "Palestine"]
[BlackTeam "Lesotho"]
[WhiteTeamCountry "PLE"]
[BlackTeamCountry "LES"]

1. d4 Nf6 2. Nc3 d6 3. e4 e5 4. dxe5 dxe5 5. Qxd8+ Kxd8 6. f4 Bd6 7. Nf3 Nbd7 8. Bc4 ({RR} 8. fxe5 Nxe5 9. Bg5 h6 10. Bxf6+ gxf6 11. O-O-O Ng4 12. Rd2 Bd7 13. g3 Bc5 14. Nd1 Ke7 15. Nh4 Bc6 16. Nf5+ Kf8 17. Bg2 Re8 18. h3 Ne5 19. Nde3 Rg8 20. Nd5 Nc4 21. Nxf6 Rg6 22. Nd7+ Bxd7 {0-1 Fossan,A (2133)-Getz,N (2352) TCh-NOR Elite 2023-24 (5.15)}) 8... Ke7 9. Ng5 Rf8 10. Nb5 $146 ({RR} 10. O-O c6 11. a4 h6 12. Nf3 exf4 13. e5 Bc5+ 14. Kh1 Ng4 15. Ne4 Be3 16. Nd6 Ndxe5 17. Bxe3 fxe3 18. Nxc8+ Raxc8 19. Bb3 f5 20. Nd4 f4 21. Rae1 g5 22. h3 Nf2+ 23. Kh2 Ne4 {0-1 Scheeff,V (2103)-Miltner,A (2306) BL2-Sued 1415 2014 (7.7)}) 10... Bb4+ 11. c3 Ba5 12. Bd3 h6 13. b4 Bb6 14. Nf3 a6 15. Na3 Ng4 16. Rf1 Be3 17. Nc4 Bxf4 18. Bxf4 exf4 19. h3 Ngf6 20. Nd4 g5 21. Nf5+ Kd8 22. Nxh6 b5 23. Na5 Ne5 24. Bc2 Be6 25. O-O-O+ Kc8 26. a3 Nfd7 27. Nf5 Bxf5 28. exf5 Nb6 29. Be4 Rb8 30. f6 c6 31. Nxc6 Nxc6 32. Bxc6 Kc7 33. Bf3 Nc4 34. Rd5 Nxa3 35. Rxg5 Nc4 36. Bd5 Ne3 37. Rxf4 Nxd5 38. Rxd5 Rb6 39. h4 Rg8 40. g4 Re6 41. Kd2 Rge8 42. Rf2 Re3 43. h5 Rg3 44. g5 Ree3 45. g6 fxg6 46. hxg6 Re8 47. g7 Rc8 48. Rc5+ Kd7 49. Rxc8 Kxc8 50. f7 1-0

[Event "Olympiad Women 2024"]
[Site "Budapest HUN"]
[Date "2024.09.19"]
[Round "8.57"]
[Board "1"]
[White "Khan, Anastasia"]
[Black "Benson, Maud"]
[Result "1-0"]
[WhiteElo "1859"]
[BlackElo "1682"]
[PlyCount "103"]
[EventDate "2024.09.11"]
[WhiteTeam "South Korea"]
[BlackTeam "Ghana"]
[BlackTeamCountry "GHA"]

1. d4 Nf6 2. Bf4 c5 3. d5 Qb6 4. Nc3 d6 ({RR} 4... e6 5. e4 Nxe4 6. Nf3 Qb4 7. g3 Nxc3 8. bxc3 Qxc3+ 9. Bd2 Qf6 10. Bd3 h6 11. O-O d6 12. dxe6 Bxe6 13. Rb1 Be7 14. Rxb7 O-O 15. Bc1 Nc6 16. Bb2 Ne5 17. Nxe5 dxe5 18. Re1 Bd6 19. Be4 {½-½ Grischuk,A (2810)-Mamedyarov,S (2765) Beijing Sportaccord rap rapid 2014 (1)}) 5. e4 g6 6. a4 ({RR} 6. Nf3 Bg7 7. Nd2 Nbd7 8. Be2 O-O 9. Nc4 Qc7 10. Qd2 a6 11. a4 Ne8 12. Bh6 e5 13. dxe6 fxe6 14. Bxg7 Kxg7 15. Rd1 Ne5 16. Nxd6 Nxd6 17. Qxd6 Qxd6 18. Rxd6 Bd7 19. O-O g5 20. Rfd1 Rf7 {1-0 Kodithuwakku,K (1707)-Ali,A (2205) Asian Cities Teams 2024 (6.4)}) 6... Qb4 $146 ({RR} 6... a6 7. Bc4 Qxb2 8. Nge2 Qb4 9. Qd3 Qa5 10. Bd2 Nbd7 11. f4 Bg7 12. O-O O-O 13. h3 Qc7 14. a5 b5 15. axb6 Nxb6 16. Rfb1 e6 17. dxe6 Nxc4 18. Qxc4 Bxe6 19. Qd3 Qc6 20. Ra5 d5 21. e5 {0-1 Sanchez,S (2412)-Valderrama Quiceno,E (2518) COL-ch Rapid 2021 (7)}) 7. f3 Bg7 8. Bd2 Qb6 9. Bd3 Na6 10. Bb5+ Bd7 11. a5 Qd8 12. Bxd7+ Nxd7 13. f4 Qc8 14. Nf3 Nb4 15. O-O O-O 16. Re1 Nf6 17. Bc1 Rd8 18. Nb5 Qd7 19. Na3 b5 20. axb6 axb6 21. c3 Na6 22. Nc4 Qb5 23. Na3 Qd7 24. Qd3 Nc7 25. Be3 b5 26. Bf2 Rdb8 27. Nc2 Ra4 28. b3 Raa8 29. b4 c4 30. Qd2 Ng4 31. Bd4 e5 32. dxe6 fxe6 33. Bxg7 Kxg7 34. Rxa8 Rxa8 35. Qd4+ Kg8 36. h3 Nh6 37. Ne3 Ne8 38. Ne5 Qa7 39. Nf3 Qxd4 40. Nxd4 Nc7 41. Rd1 Nf7 42. f5 gxf5 43. exf5 exf5 44. Nexf5 Ra6 45. Re1 Ra3 46. Re7 Ra1+ 47. Kh2 Ra7 48. Ne6 Ra3 49. Nxc7 Ne5 50. Re8+ Kf7 51. Nxd6+ Kf6 52. Nd5+ 1-0